Zákon o obaloch a jeho dopad na obchod a spotrebiteľa

Dňa 19. augusta 2002 bol v Národnej rade schválený Zákon o obaloch, ktorý uzákoňuje povinnosť obchodu vykupovať zálohované nevratné obaly. Slovensko sa opäť vydalo svojou cestou bez ohľadu na všeobecný vývoj v EÚ. Existujú len 2 štáty v EÚ - Švédsko a Dánsko, ktoré majú zavedené zálohovanie niektorý...

Descripción completa

Guardado en:
Detalles Bibliográficos
Autor principal: Konštiak, Pavol
Formato: Capítulo de libro
Lenguaje:eslovaco
Materias:
Etiquetas: Agregar Etiqueta
Sin Etiquetas, Sea el primero en etiquetar este registro!

MARC

LEADER 00000naa$a2200000$$$4500
001 0091581
005 20240502072024.8
041 0 |a slo 
044 |a SK 
245 1 0 |a Zákon o obaloch a jeho dopad na obchod a spotrebiteľa  |c Pavol Konštiak 
520 |a Dňa 19. augusta 2002 bol v Národnej rade schválený Zákon o obaloch, ktorý uzákoňuje povinnosť obchodu vykupovať zálohované nevratné obaly. Slovensko sa opäť vydalo svojou cestou bez ohľadu na všeobecný vývoj v EÚ. Existujú len 2 štáty v EÚ - Švédsko a Dánsko, ktoré majú zavedené zálohovanie niektorých nevratných obalov. Potrestaný bude aj spotrebiteľ, krorý bude musieť tento nesystémový, nákladný a separovaný zber zaplatiť. 
610 2 0 |a obaly 
610 2 0 |a balenie 
610 2 0 |a legislatíva 
610 2 0 |a obchod 
610 2 0 |a spotrebitelia 
610 2 0 |a Slovensko 
100 1 |a Konštiak, Pavol